00609nam a2200193Ia 4500003000400000005001700004008004100021020001800062040001800080041000800098082002200106100002800128245008800156250001200244260007000256300003100326650003200357650002600389OSt20220920113234.0210716s2014 xx 000 0 und d a9789381141854 cAIMIT LIBRARY aeng a005.448 21bDUBS aDubey, Sanjiva Shankar. aCloud computing and beyond :ba managerial perspective /cBy Sanjiva Shankar Dubey. a1st ed. aNew Delhi :bI K International Publishing House Pvt Ltd ,c2014 . axvi, 235p. ;bPBc21.5 cm. aAdoption planning for cloud aCloud business models